| Tag |
First Indicator |
Second Indicator |
Subfields |
| LEADER |
00000cam a2200000Ka 4500 |
| 001 |
in00002781921 |
| 005 |
20210728124902.0 |
| 006 |
m d |
| 007 |
cr cn||||||||| |
| 008 |
120621s2008 enka ob 001 0 eng d |
| 010 |
|
|
|z 2008038608
|
| 019 |
|
|
|a 774290390
|
| 020 |
|
|
|a 0470722134 (electronic bk.)
|
| 020 |
|
|
|a 111846737X (electronic bk.)
|
| 020 |
|
|
|a 9780470722138 (electronic bk.)
|
| 020 |
|
|
|a 9781118467374 (electronic bk.)
|
| 020 |
|
|
|z 0470725389 (cloth)
|
| 020 |
|
|
|z 9780470725382 (cloth)
|
| 035 |
|
|
|a (OCoLC)795998953
|z (OCoLC)774290390
|
| 035 |
|
|
|a (OCoLC)ocn795998953
|
| 035 |
|
|
|a 4000537
|
| 037 |
|
|
|a 10.1002/9781118467374
|b Wiley InterScience
|n http://www3.interscience.wiley.com
|
| 040 |
|
|
|a DG1
|b eng
|c DG1
|d E7B
|d N$T
|d TXA
|d UtOrBLW
|
| 049 |
|
|
|a TXAM
|
| 050 |
|
4 |
|a HG106
|b .H89 2008eb
|
| 072 |
|
7 |
|a BUS
|x 027000
|2 bisacsh
|
| 082 |
0 |
4 |
|a 332.01/51923
|2 22
|
| 100 |
1 |
|
|a Huynh, Huu Tue.
|0 http://id.loc.gov/authorities/names/n2008060499
|
| 245 |
1 |
0 |
|a Stochastic simulation and applications in finance with MATLAB programs /
|c Huu Tue Huynh, Van Son Lai and Issouf Soumaré.
|
| 264 |
|
1 |
|a Chichester, England ;
|a Hoboken, NJ :
|b John Wiley & Sons,
|c [2008]
|
| 264 |
|
4 |
|c ©2008
|
| 300 |
|
|
|a 1 online resource (xvi, 338 pages) :
|b illustrations
|
| 336 |
|
|
|a text
|b txt
|2 rdacontent
|
| 337 |
|
|
|a computer
|b c
|2 rdamedia
|
| 338 |
|
|
|a online resource
|b cr
|2 rdacarrier
|
| 490 |
1 |
|
|a Wiley finance
|
| 500 |
|
|
|a Electronic resource.
|
| 504 |
|
|
|a Includes bibliographical references (pages [327]-338) and index.
|
| 505 |
0 |
|
|a 1. Introduction to probability -- 2. Introduction to random variables -- 3. Random sequences -- 4. Introduction to computer simulation of random variables -- 5. Foundations of Monte Carlo simulations -- 6. Fundamentals of quasi Monte Carlo (QMC) simulations -- 7. Introduction to random processes -- 8. Solution of stochastic differential equations -- 9. General approach to the valuation of contingent claims -- 10. Pricing options using Monte Carlo simulations -- 11. Term structure of interest rates and interest rate derivatives -- 12. Credit risk and the valuation of corporate securities -- 13. Valuation of portfolios of financial guarantees -- 14. Risk management and value at risk (VaR) -- 15. Value at risk (VaR) and principal components analysis (PCA) -- App. A. Review of mathematics -- App. B. MATLAB functions.
|
| 520 |
1 |
|
|a "Stochastic Simulation and Applications in Finance with MATLAB Programs explains the fundamentals of Monte Carlo simulation techniques, their use in the numerical resolution of stochastic differential equations and their current applications in finance. Building on an integrated approach, it provides a pedagogical treatment of the need-to-know materials in risk management and financial engineering." "The book also includes an accompanying CD-ROM which provides MATLAB programs for the practical examples and case studies, which will give the reader confidence in using and adapting specific ways to solve problems involving stochastic processes in finance."--Jacket.
|
| 588 |
|
|
|a Description based on print version record.
|
| 650 |
0 |
7 |
|a MATLAB.
|2 swd
|
| 650 |
0 |
7 |
|a Portfolio Selection.
|2 swd
|
| 650 |
0 |
7 |
|a Stochastischer Prozess.
|2 swd
|
| 650 |
|
0 |
|a Finance
|x Mathematical models.
|0 http://id.loc.gov/authorities/subjects/sh85048260
|
| 650 |
|
0 |
|a Stochastic models.
|0 http://id.loc.gov/authorities/subjects/sh2005004376
|
| 650 |
|
7 |
|a BUSINESS & ECONOMICS / Finance.
|2 bisacsh
|
| 655 |
|
7 |
|a Electronic books.
|2 local
|
| 700 |
1 |
|
|a Lai, Van Son.
|0 http://id.loc.gov/authorities/names/n2008060500
|
| 700 |
1 |
|
|a Soumaré, Issouf.
|0 http://id.loc.gov/authorities/names/n2008060497
|
| 776 |
0 |
8 |
|i Print version:
|a Huynh, Huu Tue.
|t Stochastic simulation and applications in finance with MATLAB programs.
|d Chichester, England ; Hoboken, NJ : John Wiley & Sons, c2008
|z 9780470725382
|w (DLC) 2008038608
|w (OCoLC)245598620
|
| 830 |
|
0 |
|a Wiley Online Library.
|
| 830 |
|
0 |
|a Wiley finance series.
|0 http://id.loc.gov/authorities/names/n00091597
|
| 856 |
4 |
0 |
|u http://proxy.library.tamu.edu/login?url=https://dx.doi.org/10.1002/9781118467374
|z Connect to the full text of this electronic book
|t 0
|
| 948 |
|
|
|a cataloged
|b h
|c 2012/6/29
|d c
|e jlanham
|f 10:57:28 am
|
| 994 |
|
|
|a C0
|b TXA
|
| 999 |
|
|
|a MARS
|
| 999 |
f |
f |
|s 83558423-d8f0-3621-b1f5-09ee3d500f5a
|i f71ec760-ed89-354b-b7a9-6a03da0814de
|t 0
|
| 952 |
f |
f |
|a Texas A&M University
|b College Station
|c Electronic Resources
|d Available Online
|t 0
|e HG106 .H89 2008eb
|h Library of Congress classification
|
| 998 |
f |
f |
|a HG106 .H89 2008eb
|t 0
|l Available Online
|